Dinge die mit I anfangen (Kenshin Edition) - Statistiken

Allgemein
  • Dieses Quiz wurde 294 mal gespielt
  • Das Durchschnittsergebnis liegt bei 13 aus 16
Antwortstatistiken
Bildquiz Antwort % Korrekt
Italien
100%
Igel
98%
Iglu
98%
Ingwer
98%
Iran
97%
Irak
96%
Irland
96%
Island
96%
Israel
95%
Indien
94%
Indonesien
91%
Inuit
85%
Istanbul
73%
Ibis
48%
Internet
21%
Iguanodon
16%
Keine übereinstimmenden Quizze gefunden
Verteilung der Resultate
Anzahl Personen mit jedem Resultat
Perzentil nach korrekt beantworteten Fragen
Ihre Resultats-Entwicklung
Sie haben dieses Quiz noch nicht gespielt